| 000 | 004460000a22001570004500 | ||
|---|---|---|---|
| 003 | MACL | ||
| 005 | 20180119160351.0 | ||
| 008 | 180119b xxu||||| |||| 00| 0 eng d | ||
| 040 | _cmacl | ||
| 100 |
_aएम. वर्मा _970114 |
||
| 245 | _aपिरामिडों के देश में | ||
| 260 |
_bआनंद प्रकाशन _c2006 |
||
| 350 | _a250 | ||
| 650 |
_aयात्रा _970115 |
||
| 942 |
_cHIN _k910 _2ddc |
||
| 999 |
_c10710 _d10710 |
||